00489nam a2200145Ia 4500008004100000100001900041245006500060245006800125260003900193260000900232300001000241650001800251650001500269856005900284170221s9999 xx 000 0 und d aMegan L. Parin aEfficacy of Environmental Health E-Training for Journalists  cMegan L. Parin, Elissa Yancey, Caroline Beidler, Erin N. Haynes bStudies in Media and Communication c2014 a2 : 1 xCommunication xMedia Arts uhttp://redfame.com/journal/index.php/smc/issue/view/13